01071nam a22002177a 450000500170000001000150001702000260003203500140005803700090007208200140008110000290009524500680012425000100019226000510020227001360025330000250038950002600041494200280067499900190070295201320072120240703170224.0 aENG-140746 c2275.00a978819557590 aEN-124278 bDBAD a621.31244 aGupta, Ajay Kumar968081 aSolar PV Power and Solar Products Handbookcby Ajay Kumar Gupta aFirst aDelhibNIIR PROJECT CONSULTANCY SERVICESc2022 a106-E, Kamla Nagar,bDelhie110007k+911123843955k+911123845886k+911123845654l+911123845886minfo@niir.orgmnpcs.india@gmail.com axv, 368p.c21cm (pb) a(Solar Energy, Solar Lighting, Solar Power Plant, Solar Panel, Solar Pump, Solar Photovoltaic Cell, Solar Inverter, Solar Thermal Power Plant, Solar Farm, Solar Cell Modules with Manufacturing Process, Equipment Details, Plant Layout & Process Flow Chart) 2ddccENh621.31244mGup c203925d203925 001040708NFICaLbLd2024-07-03eDBADg2275.00l0o621.31244 GuppEN-124278r2024-07-03 00:00:00t1v2275.00w2024-07-03yEN